[Event "English Schools Championship Final 2024"]
[Site "Nottingham University Kings Meadow Campus, United Kingdom"]
[Date "2024.06.27"]
[Round "2.1"]
[White "Verma, Shlok"]
[Black "Borissow, Magnus"]
[Result "1-0"]
[TimeControl "G50' + 10\" per move."]
[WhiteFideId "441228"]
[BlackFideId "498084"]
[WhiteElo "2264"]
[BlackElo "2069"]

1. d4 {[%clk 00:50:17]} {[%emt 00:00:02]} Nf6 {[%clk 00:50:13]} {[%emt
00:00:10]} 2. c4 {[%clk 00:50:21]} {[%emt 00:00:04]} e6 {[%clk 00:50:18]}
{[%emt 00:00:05]} 3. Nf3 {[%clk 00:50:24]} {[%emt 00:00:06]} b6 {[%clk
00:50:20]} {[%emt 00:00:08]} 4. g3 {[%clk 00:50:28]} {[%emt 00:00:06]} Bb7
{[%clk 00:50:23]} {[%emt 00:00:08]} 5. Bg2 {[%clk 00:50:26]} {[%emt 00:00:11]}
Be7 {[%clk 00:50:23]} {[%emt 00:00:11]} 6. O-O {[%clk 00:50:28]} {[%emt
00:00:08]} O-O {[%clk 00:50:25]} {[%emt 00:00:08]} 7. Nc3 {[%clk 00:49:59]}
{[%emt 00:00:39]} Ne4 {[%clk 00:50:28]} {[%emt 00:00:08]} 8. Qc2 {[%clk
00:49:40]} {[%emt 00:00:28]} Nxc3 {[%clk 00:50:28]} {[%emt 00:00:10]} 9. Qxc3
{[%clk 00:49:40]} {[%emt 00:00:10]} c5 {[%clk 00:49:47]} {[%emt 00:00:51]} 10.
e3 {[%clk 00:44:08]} {[%emt 00:05:41]} Bf6 {[%clk 00:47:45]} {[%emt 00:02:13]}
11. b3 {[%clk 00:42:39]} {[%emt 00:01:38]} Be4 {[%clk 00:44:33]} {[%emt
00:03:23]} 12. Bb2 {[%clk 00:41:28]} {[%emt 00:01:20]} Nc6 {[%clk 00:44:19]}
{[%emt 00:00:25]} 13. Ne5 {[%clk 00:35:26]} {[%emt 00:06:11]} Bxg2 {[%clk
00:43:37]} {[%emt 00:00:52]} 14. Kxg2 {[%clk 00:35:33]} {[%emt 00:00:03]} Qc7
{[%clk 00:42:56]} {[%emt 00:00:52]} 15. Ng4 {[%clk 00:34:10]} {[%emt 00:01:33]}
Bxd4 {[%clk 00:40:13]} {[%emt 00:02:53]} 16. exd4 {[%clk 00:33:46]} {[%emt
00:00:33]} cxd4 {[%clk 00:40:03]} {[%emt 00:00:20]} 17. Qd2 {[%clk 00:29:32]}
{[%emt 00:04:24]} f5 {[%clk 00:39:13]} {[%emt 00:01:01]} 18. Nh6+ {[%clk
00:24:19]} {[%emt 00:05:23]} gxh6 {[%clk 00:39:01]} {[%emt 00:00:22]} 19. Bxd4
{[%clk 00:24:27]} {[%emt 00:00:02]} Qd6 {[%clk 00:36:54]} {[%emt 00:02:16]} 20.
Be3 {[%clk 00:24:08]} {[%emt 00:00:28]} Qxd2 {[%clk 00:36:58]} {[%emt
00:00:08]} 21. Bxd2 {[%clk 00:24:14]} {[%emt 00:00:04]} Kg7 {[%clk 00:34:52]}
{[%emt 00:02:15]} 22. Bc3+ {[%clk 00:24:07]} {[%emt 00:00:17]} Kf7 {[%clk
00:33:38]} {[%emt 00:01:24]} 23. Rad1 {[%clk 00:23:56]} {[%emt 00:00:22]} Ke7
{[%clk 00:27:04]} {[%emt 00:06:44]} 24. Bg7 {[%clk 00:23:38]} {[%emt 00:00:27]}
Rg8 {[%clk 00:27:07]} {[%emt 00:00:08]} 25. Bxh6 {[%clk 00:23:41]} {[%emt
00:00:07]} Rg6 {[%clk 00:25:34]} {[%emt 00:01:42]} 26. Bc1 {[%clk 00:18:41]}
{[%emt 00:05:11]} e5 {[%clk 00:24:53]} {[%emt 00:00:51]} 27. Rd5 {[%clk
00:17:52]} {[%emt 00:00:59]} Rf8 {[%clk 00:16:14]} {[%emt 00:08:49]} 28. Rfd1
{[%clk 00:17:01]} {[%emt 00:01:01]} d6 {[%clk 00:16:00]} {[%emt 00:00:24]} 29.
Rxd6 {[%clk 00:16:08]} {[%emt 00:01:03]} Rxd6 {[%clk 00:14:37]} {[%emt
00:01:33]} 30. Rxd6 {[%clk 00:16:09]} {[%emt 00:00:09]} Kxd6 {[%clk 00:14:27]}
{[%emt 00:00:20]} 31. Ba3+ {[%clk 00:16:13]} {[%emt 00:00:06]} Ke6 {[%clk
00:14:11]} {[%emt 00:00:25]} 32. Bxf8 {[%clk 00:16:21]} {[%emt 00:00:03]} Nd4
{[%clk 00:11:25]} {[%emt 00:02:56]} 33. Bg7 {[%clk 00:12:20]} {[%emt 00:04:09]}
Ne2 {[%clk 00:09:58]} {[%emt 00:01:39]} 34. Bh6 {[%clk 00:08:23]} {[%emt
00:04:06]} Nc3 {[%clk 00:07:57]} {[%emt 00:02:10]} 35. a3 {[%clk 00:08:23]}
{[%emt 00:00:11]} Ne4 {[%clk 00:07:24]} {[%emt 00:00:44]} 36. Be3 {[%clk
00:06:33]} {[%emt 00:02:00]} Nc3 {[%clk 00:04:58]} {[%emt 00:02:35]} 37. Kf1
{[%clk 00:06:06]} {[%emt 00:00:35]} Nb1 {[%clk 00:04:24]} {[%emt 00:00:47]} 38.
Bc1 {[%clk 00:06:05]} {[%emt 00:00:10]} Kd6 {[%clk 00:03:44]} {[%emt 00:00:51]}
39. Ke2 {[%clk 00:05:36]} {[%emt 00:00:38]} Nc3+ {[%clk 00:03:51]} {[%emt
00:00:03]} 40. Kd3 {[%clk 00:05:23]} {[%emt 00:00:20]} Ne4 {[%clk 00:03:58]}
{[%emt 00:00:07]} 41. f3 {[%clk 00:04:29]} {[%emt 00:01:04]} Nc5+ {[%clk
00:03:25]} {[%emt 00:00:43]} 42. Kc3 {[%clk 00:04:36]} {[%emt 00:00:02]} e4
{[%clk 00:03:15]} {[%emt 00:00:20]} 43. fxe4 {[%clk 00:04:09]} {[%emt
00:00:38]} Nxe4+ {[%clk 00:02:48]} {[%emt 00:00:37]} 44. Kd4 {[%clk 00:04:09]}
{[%emt 00:00:09]} Nc5 {[%clk 00:02:30]} {[%emt 00:00:28]} 45. Bf4+ {[%clk
00:04:16]} {[%emt 00:00:02]} Kc6 {[%clk 00:02:23]} {[%emt 00:00:17]} 46. b4
{[%clk 00:04:18]} {[%emt 00:00:09]} Nd7 {[%clk 00:02:32]} {[%emt 00:00:02]} 47.
b5+ {[%clk 00:03:29]} {[%emt 00:00:59]} Kb7 {[%clk 00:02:35]} {[%emt 00:00:07]}
48. Kd5 {[%clk 00:03:37]} {[%emt 00:00:01]} a5 {[%clk 00:01:18]} {[%emt
00:01:28]} 49. bxa6+ {[%clk 00:03:08]} {[%emt 00:00:39]} Kxa6 {[%clk 00:01:26]}
{[%emt 00:00:03]} 50. Ke6 {[%clk 00:03:16]} Nc5 {[%clk 00:01:26]} {[%emt
00:00:10]} 51. Kxf5 {[%clk 00:03:22]} {[%emt 00:00:03]} Nd3 {[%clk 00:01:30]}
{[%emt 00:00:07]} 52. Be3 {[%clk 00:03:01]} {[%emt 00:00:30]} Nb2 {[%clk
00:01:29]} {[%emt 00:00:11]} 53. c5 {[%clk 00:02:34]} {[%emt 00:00:37]} bxc5
{[%clk 00:01:37]} {[%emt 00:00:03]} 54. Bxc5 {[%clk 00:02:41]} {[%emt
00:00:02]} Kb5 {[%clk 00:01:25]} {[%emt 00:00:23]} 55. Be7 {[%clk 00:02:14]}
{[%emt 00:00:37]} Nc4 {[%clk 00:01:26]} {[%emt 00:00:08]} 56. Kg5 {[%clk
00:02:10]} {[%emt 00:00:14]} Ne5 {[%clk 00:01:14]} {[%emt 00:00:23]} 57. h4
{[%clk 00:01:35]} {[%emt 00:00:44]} Nf7 {[%clk 00:01:12]} {[%emt 00:00:13]} 58.
Kf6 {[%clk 00:01:22]} {[%emt 00:00:22]} Nh6 {[%clk 00:01:16]} {[%emt 00:00:06]}
59. Bd6 {[%clk 00:01:16]} {[%emt 00:00:16]} Ng4+ {[%clk 00:00:41]} {[%emt
00:00:45]} 60. Kg5 {[%clk 00:01:12]} {[%emt 00:00:14]} Ne3 {[%clk 00:00:30]}
{[%emt 00:00:22]} 61. Bf4 {[%clk 00:01:13]} {[%emt 00:00:07]} Nd5 {[%clk
00:00:32]} {[%emt 00:00:09]} 62. Kh6 {[%clk 00:01:20]} {[%emt 00:00:04]} Nf6
{[%clk 00:00:40]} {[%emt 00:00:02]} 63. Kg7 {[%clk 00:01:26]} {[%emt 00:00:04]}
1-0

[Event "English Schools Championship Final 2024"]
[Site "Nottingham University Kings Meadow Campus, United Kingdom"]
[Date "2024.06.27"]
[Round "2.2"]
[White "Sachdeva, Ronit"]
[Black "Babu, Rahul"]
[Result "0-1"]
[TimeControl "G50' + 10\" per move."]
[WhiteFideId "343401589"]
[BlackFideId "25625136"]
[WhiteElo "1997"]
[BlackElo "2212"]

1. d4 {[%clk 00:50:19]} Nf6 {[%clk 00:50:08]} {[%emt 00:00:12]} 2. c4 {[%clk
00:50:27]} {[%emt 00:00:01]} c6 {[%clk 00:49:36]} {[%emt 00:00:43]} 3. Nf3
{[%clk 00:50:25]} {[%emt 00:00:13]} d5 {[%clk 00:49:42]} {[%emt 00:00:04]} 4.
g3 {[%clk 00:50:27]} {[%emt 00:00:08]} dxc4 {[%clk 00:49:34]} {[%emt 00:00:18]}
5. a4 {[%clk 00:50:07]} {[%emt 00:00:29]} a5 {[%clk 00:49:24]} {[%emt
00:00:20]} 6. Bg2 {[%clk 00:49:47]} {[%emt 00:00:30]} e6 {[%clk 00:49:30]}
{[%emt 00:00:05]} 7. O-O {[%clk 00:49:10]} {[%emt 00:00:46]} Be7 {[%clk
00:49:33]} {[%emt 00:00:08]} 8. Nc3 {[%clk 00:48:46]} {[%emt 00:00:33]} Na6
{[%clk 00:49:29]} {[%emt 00:00:14]} 9. Ne5 {[%clk 00:48:33]} {[%emt 00:00:22]}
O-O {[%clk 00:49:32]} {[%emt 00:00:09]} 10. Nxc4 {[%clk 00:48:36]} {[%emt
00:00:06]} Nb4 {[%clk 00:46:38]} {[%emt 00:03:04]} 11. e4 {[%clk 00:46:36]}
{[%emt 00:02:06]} b5 {[%clk 00:40:47]} {[%emt 00:06:05]} 12. Ne3 {[%clk
00:41:50]} {[%emt 00:04:55]} bxa4 {[%clk 00:37:03]} {[%emt 00:03:55]} 13. e5
{[%clk 00:34:43]} {[%emt 00:07:18]} Nfd5 {[%clk 00:37:07]} {[%emt 00:00:05]} 14.
Nexd5 {[%clk 00:34:40]} {[%emt 00:00:13]} cxd5 {[%clk 00:36:17]} {[%emt
00:01:00]} 15. f4 {[%clk 00:33:48]} {[%emt 00:01:02]} f6 {[%clk 00:32:48]}
{[%emt 00:03:39]} 16. Nxa4 {[%clk 00:26:08]} {[%emt 00:07:49]} Ba6 {[%clk
00:31:45]} {[%emt 00:01:14]} 17. Rf3 {[%clk 00:24:18]} {[%emt 00:01:58]} Rc8
{[%clk 00:31:47]} {[%emt 00:00:10]} 18. Rc3 {[%clk 00:23:28]} {[%emt 00:01:01]}
fxe5 {[%clk 00:29:30]} {[%emt 00:02:27]} 19. fxe5 {[%clk 00:22:45]} {[%emt
00:00:53]} Qe8 {[%clk 00:28:10]} {[%emt 00:01:29]} 20. Qg4 {[%clk 00:20:32]}
{[%emt 00:02:23]} Nc2 {[%clk 00:26:33]} {[%emt 00:01:47]} 21. Qxe6+ {[%clk
00:14:30]} {[%emt 00:06:12]} Kh8 {[%clk 00:25:15]} {[%emt 00:01:28]} 22. Rxc2
{[%clk 00:10:42]} {[%emt 00:03:58]} Rxc2 {[%clk 00:22:12]} {[%emt 00:03:13]} 23.
Qxa6 {[%clk 00:08:15]} {[%emt 00:02:38]} Rff2 {[%clk 00:22:15]} {[%emt
00:00:07]} 24. Bxd5 {[%clk 00:06:14]} {[%emt 00:02:10]} Qh5 {[%clk 00:22:05]}
{[%emt 00:00:20]} 25. h4 {[%clk 00:05:34]} {[%emt 00:00:50]} Qd1+ {[%clk
00:22:10]} {[%emt 00:00:05]} 0-1

[Event "English Schools Championship Final 2024"]
[Site "Nottingham University Kings Meadow Campus, United Kingdom"]
[Date "2024.06.27"]
[Round "2.3"]
[White "Dupuis, Denis K"]
[Black "Dicker, James"]
[Result "0-1"]
[TimeControl "G50' + 10\" per move."]
[WhiteFideId "452980"]
[WhiteElo "2195"]
[BlackElo "1891"]

1. e4 {[%clk 00:49:51]} {[%emt 00:00:28]} c6 {[%clk 00:50:18]} {[%emt
00:00:03]} 2. d4 {[%clk 00:49:53]} {[%emt 00:00:08]} d5 {[%clk 00:50:26]}
{[%emt 00:00:02]} 3. exd5 {[%clk 00:49:57]} {[%emt 00:00:06]} cxd5 {[%clk
00:50:33]} {[%emt 00:00:03]} 4. c4 {[%clk 00:49:54]} {[%emt 00:00:13]} e6
{[%clk 00:50:19]} {[%emt 00:00:25]} 5. Nc3 {[%clk 00:49:59]} {[%emt 00:00:04]}
Nf6 {[%clk 00:50:24]} {[%emt 00:00:06]} 6. Nf3 {[%clk 00:50:06]} {[%emt
00:00:02]} Be7 {[%clk 00:49:51]} {[%emt 00:00:42]} 7. Bd3 {[%clk 00:49:09]}
{[%emt 00:01:08]} dxc4 {[%clk 00:47:21]} {[%emt 00:02:41]} 8. Bxc4 {[%clk
00:49:02]} {[%emt 00:00:16]} O-O {[%clk 00:45:33]} {[%emt 00:01:59]} 9. O-O
{[%clk 00:48:51]} {[%emt 00:00:19]} Nc6 {[%clk 00:40:14]} {[%emt 00:05:31]} 10.
a3 {[%clk 00:48:10]} {[%emt 00:00:51]} a6 {[%clk 00:39:36]} {[%emt 00:00:48]}
11. Bg5 {[%clk 00:47:20]} {[%emt 00:01:00]} b5 {[%clk 00:36:59]} {[%emt
00:02:47]} 12. Ba2 {[%clk 00:38:49]} {[%emt 00:08:40]} h6 {[%clk 00:35:46]}
{[%emt 00:01:23]} 13. Bh4 {[%clk 00:38:16]} {[%emt 00:00:43]} Bb7 {[%clk
00:33:29]} {[%emt 00:02:27]} 14. b4 {[%clk 00:36:13]} {[%emt 00:02:12]} Rc8
{[%clk 00:32:44]} {[%emt 00:00:56]} 15. Qd3 {[%clk 00:34:59]} {[%emt 00:01:24]}
Nh5 {[%clk 00:23:57]} {[%emt 00:08:57]} 16. Bb1 {[%clk 00:27:39]} {[%emt
00:07:29]} g6 {[%clk 00:22:08]} {[%emt 00:02:00]} 17. Bxe7 {[%clk 00:26:58]}
{[%emt 00:00:52]} Nxe7 {[%clk 00:21:28]} {[%emt 00:00:50]} 18. Ne4 {[%clk
00:21:03]} {[%emt 00:06:04]} Kg7 {[%clk 00:17:02]} {[%emt 00:04:37]} 19. Rd1
{[%clk 00:17:37]} {[%emt 00:03:35]} Nf4 {[%clk 00:13:40]} {[%emt 00:03:32]} 20.
Qd2 {[%clk 00:16:49]} {[%emt 00:00:58]} Bxe4 {[%clk 00:09:22]} {[%emt
00:04:29]} 21. Bxe4 {[%clk 00:16:12]} {[%emt 00:00:47]} Nfd5 {[%clk 00:09:21]}
{[%emt 00:00:11]} 22. Rac1 {[%clk 00:14:12]} {[%emt 00:02:10]} Qd6 {[%clk
00:08:04]} {[%emt 00:01:26]} 23. Ne5 {[%clk 00:08:42]} {[%emt 00:05:40]} Nb6
{[%clk 00:07:14]} {[%emt 00:01:00]} 24. g3 {[%clk 00:05:08]} {[%emt 00:03:44]}
Nc4 {[%clk 00:04:19]} {[%emt 00:03:05]} 25. Nxc4 {[%clk 00:04:30]} {[%emt
00:00:48]} bxc4 {[%clk 00:04:28]} {[%emt 00:00:01]} 26. Qe2 {[%clk 00:04:01]}
{[%emt 00:00:39]} Nd5 {[%clk 00:01:57]} {[%emt 00:02:41]} 27. Rc2 {[%clk
00:02:46]} {[%emt 00:01:26]} Nb6 {[%clk 00:01:14]} {[%emt 00:00:53]} 28. Bb7
{[%clk 00:02:01]} {[%emt 00:00:55]} Rc7 {[%clk 00:00:53]} {[%emt 00:00:31]} 29.
Bf3 {[%clk 00:00:13]} {[%emt 00:01:57]} Rfc8 {[%clk 00:01:01]} {[%emt
00:00:02]} 30. Rdc1 {[%clk 00:00:14]} {[%emt 00:00:09]} Qxd4 {[%clk 00:00:46]}
{[%emt 00:00:25]} 31. Rd2 {[%clk 00:00:21]} {[%emt 00:00:03]} Qf6 {[%clk
00:00:44]} {[%emt 00:00:12]} 32. Rd6 {[%clk 00:00:18]} {[%emt 00:00:12]} Na4
{[%clk 00:00:31]} {[%emt 00:00:25]} 33. Rxa6 {[%clk 00:00:16]} {[%emt
00:00:12]} Nb2 {[%clk 00:00:32]} {[%emt 00:00:09]} 34. b5 {[%clk 00:00:12]}
{[%emt 00:00:13]} c3 {[%clk 00:00:14]} {[%emt 00:00:29]} 35. b6 {[%clk
00:00:15]} {[%emt 00:00:07]} Rd7 {[%clk 00:00:18]} {[%emt 00:00:06]} 36. b7
{[%clk 00:00:20]} {[%emt 00:00:05]} Rb8 {[%clk 00:00:27]} {[%emt 00:00:01]} 37.
Ra8 {[%clk 00:00:14]} {[%emt 00:00:16]} Rbxb7 {[%clk 00:00:33]} {[%emt
00:00:04]} 38. Bxb7 {[%clk 00:00:18]} Rxb7 {[%clk 00:00:42]} {[%emt 00:00:06]}
39. Rc8 {[%clk 00:00:14]} {[%emt 00:00:14]} Rb3 {[%clk 00:00:43]} {[%emt
00:00:09]} 40. Qc2 {[%clk 00:00:13]} {[%emt 00:00:11]} Rxa3 {[%clk 00:00:39]}
{[%emt 00:00:15]} 41. Rxc3 {[%clk 00:00:18]} {[%emt 00:00:04]} Rxc3 {[%clk
00:00:26]} {[%emt 00:00:24]} 42. Qxc3 {[%clk 00:00:25]} {[%emt 00:00:02]} Qxc3
{[%clk 00:00:19]} {[%emt 00:00:17]} 43. Rxc3 {[%clk 00:00:35]} Na4 {[%clk
00:00:28]} {[%emt 00:00:02]} 44. Rc6 {[%clk 00:00:27]} {[%emt 00:00:17]} Nb2
{[%clk 00:00:34]} {[%emt 00:00:05]} 45. Rc3 {[%clk 00:00:29]} {[%emt 00:00:08]}
Na4 {[%clk 00:00:42]} {[%emt 00:00:02]} 46. Rc6 {[%clk 00:00:38]} {[%emt
00:00:01]} Nb2 {[%clk 00:00:51]} 47. Kg2 {[%clk 00:00:15]} {[%emt 00:00:32]}
Nd3 {[%clk 00:01:00]} {[%emt 00:00:02]} 48. Rc3 {[%clk 00:00:18]} {[%emt
00:00:06]} Ne5 {[%clk 00:01:08]} {[%emt 00:00:04]} 49. Rc5 {[%clk 00:00:22]}
{[%emt 00:00:04]} Nd3 {[%clk 00:01:16]} {[%emt 00:00:03]} 50. Rb5 {[%clk
00:00:29]} {[%emt 00:00:03]} Ne1+ {[%clk 00:01:19]} {[%emt 00:00:07]} 51. Kg1
{[%clk 00:00:13]} {[%emt 00:00:26]} Nf3+ {[%clk 00:01:26]} {[%emt 00:00:03]} 52.
Kh1 {[%clk 00:00:21]} {[%emt 00:00:01]} Nd4 {[%clk 00:01:34]} {[%emt 00:00:03]}
53. Rb4 {[%clk 00:00:28]} {[%emt 00:00:03]} Nf3 {[%clk 00:01:43]} {[%emt
00:00:02]} 54. Rb3 {[%clk 00:00:36]} {[%emt 00:00:01]} Nd4 {[%clk 00:01:52]}
{[%emt 00:00:02]} 55. Rd3 {[%clk 00:00:45]} Nf5 {[%clk 00:01:55]} {[%emt
00:00:06]} 56. Kg2 {[%clk 00:00:51]} {[%emt 00:00:03]} Kf6 {[%clk 00:02:02]}
{[%emt 00:00:04]} 57. Rf3 {[%clk 00:00:56]} {[%emt 00:00:06]} Kg7 {[%clk
00:02:08]} {[%emt 00:00:04]} 58. Ra3 {[%clk 00:00:47]} {[%emt 00:00:18]} Nd4
{[%clk 00:02:15]} {[%emt 00:00:02]} 59. Ra7 {[%clk 00:00:53]} {[%emt 00:00:05]}
Kf6 {[%clk 00:02:23]} {[%emt 00:00:02]} 60. h4 {[%clk 00:00:55]} {[%emt
00:00:07]} Nf5 {[%clk 00:02:22]} {[%emt 00:00:12]} 61. Kh3 {[%clk 00:00:36]}
{[%emt 00:00:26]} Nd6 {[%clk 00:02:12]} {[%emt 00:00:24]} 62. Ra4 {[%clk
00:00:35]} {[%emt 00:00:09]} Kg7 {[%clk 00:02:13]} {[%emt 00:00:10]} 63. Rb4
{[%clk 00:00:36]} {[%emt 00:00:10]} Nf5 {[%clk 00:02:09]} {[%emt 00:00:14]} 64.
g4 {[%clk 00:00:21]} {[%emt 00:00:25]} Ne7 {[%clk 00:02:14]} {[%emt 00:00:05]}
65. Rb7 {[%clk 00:00:19]} {[%emt 00:00:12]} Nd5 {[%clk 00:02:22]} {[%emt
00:00:02]} 66. Kg3 {[%clk 00:00:13]} {[%emt 00:00:16]} g5 {[%clk 00:01:54]}
{[%emt 00:00:37]} 67. Rb8 {[%clk 00:00:11]} {[%emt 00:00:12]} Kf6 {[%clk
00:01:32]} {[%emt 00:00:32]} 68. Rh8 {[%clk 00:00:17]} {[%emt 00:00:04]} Kg7
{[%clk 00:01:41]} {[%emt 00:00:01]} 69. Rc8 {[%clk 00:00:22]} {[%emt 00:00:04]}
Kf6 {[%clk 00:01:47]} {[%emt 00:00:05]} 70. Rh8 {[%clk 00:00:25]} {[%emt
00:00:07]} Kg7 {[%clk 00:01:56]} 71. Ra8 {[%clk 00:00:34]} {[%emt 00:00:01]}
Kf6 {[%clk 00:02:06]} {[%emt 00:00:01]} 72. h5 {[%clk 00:00:17]} {[%emt
00:00:26]} Kg7 {[%clk 00:01:59]} {[%emt 00:00:16]} 73. Rb8 {[%clk 00:00:16]}
{[%emt 00:00:12]} Kf6 {[%clk 00:02:06]} {[%emt 00:00:04]} 74. Kf3 {[%clk
00:00:21]} {[%emt 00:00:04]} Kg7 {[%clk 00:01:56]} {[%emt 00:00:20]} 75. Ke4
{[%clk 00:00:17]} {[%emt 00:00:13]} Nf6+ {[%clk 00:02:05]} {[%emt 00:00:03]} 76.
Kf3 {[%clk 00:00:24]} {[%emt 00:00:02]} Nd5 {[%clk 00:02:14]} {[%emt 00:00:01]}
77. Ke2 {[%clk 00:00:14]} {[%emt 00:00:19]} Kf6 {[%clk 00:02:11]} {[%emt
00:00:15]} 78. Rh8 {[%clk 00:00:18]} {[%emt 00:00:05]} Kg7 {[%clk 00:02:20]}
{[%emt 00:00:02]} 79. Rb8 {[%clk 00:00:27]} Kf6 {[%clk 00:02:28]} {[%emt
00:00:02]} 80. Rh8 {[%clk 00:00:35]} {[%emt 00:00:01]} Kg7 {[%clk 00:02:37]} 81.
Rc8 {[%clk 00:00:43]} {[%emt 00:00:02]} Kf6 {[%clk 00:02:46]} {[%emt 00:00:02]}
82. Kd3 {[%clk 00:00:26]} {[%emt 00:00:25]} Kg7 {[%clk 00:02:49]} {[%emt
00:00:08]} 83. Kd4 {[%clk 00:00:14]} {[%emt 00:00:21]} Nf4 {[%clk 00:02:06]}
{[%emt 00:00:54]} 84. Ke4 {[%clk 00:00:13]} {[%emt 00:00:11]} Kf6 {[%clk
00:02:08]} {[%emt 00:00:09]} 85. Rh8 {[%clk 00:00:20]} {[%emt 00:00:01]} Kg7
{[%clk 00:02:17]} {[%emt 00:00:02]} 86. Rb8 {[%clk 00:00:28]} {[%emt 00:00:02]}
Kf6 {[%clk 00:02:26]} {[%emt 00:00:01]} 87. Rh8 {[%clk 00:00:37]} {[%emt
00:00:01]} Kg7 {[%clk 00:02:36]} {[%emt 00:00:01]} 88. Ra8 {[%clk 00:00:45]}
Kf6 {[%clk 00:02:40]} {[%emt 00:00:06]} 89. Kd4 {[%clk 00:00:17]} {[%emt
00:00:37]} Kg7 {[%clk 00:02:48]} {[%emt 00:00:04]} 90. Ra7 {[%clk 00:00:11]}
{[%emt 00:00:16]} Kf6 {[%clk 00:02:52]} {[%emt 00:00:05]} 91. Ke4 {[%clk
00:00:14]} {[%emt 00:00:07]} Nd5 {[%clk 00:02:45]} {[%emt 00:00:18]} 92. Ra5
{[%clk 00:00:14]} {[%emt 00:00:10]} Nf4 {[%clk 00:02:35]} {[%emt 00:00:20]} 93.
Ra8 {[%clk 00:00:17]} {[%emt 00:00:07]} Kg7 {[%clk 00:02:42]} {[%emt 00:00:03]}
94. Rd8 {[%clk 00:00:20]} {[%emt 00:00:07]} Kf6 {[%clk 00:02:44]} {[%emt
00:00:07]} 95. Rd7 {[%clk 00:00:28]} {[%emt 00:00:02]} Kg7 {[%clk 00:02:33]}
{[%emt 00:00:22]} 96. Ke5 {[%clk 00:00:21]} {[%emt 00:00:16]} Nh3 {[%clk
00:01:16]} {[%emt 00:01:27]} 97. Rd2 {[%clk 00:00:28]} {[%emt 00:00:02]} Nf4
{[%clk 00:01:25]} 98. Kd6 {[%clk 00:00:16]} {[%emt 00:00:24]} Kf6 {[%clk
00:01:30]} {[%emt 00:00:05]} 99. Kd7 {[%clk 00:00:15]} {[%emt 00:00:12]} Nd5
{[%clk 00:01:18]} {[%emt 00:00:22]} 100. Ke8 {[%clk 00:00:14]} {[%emt
00:00:10]} Kg7 {[%clk 00:01:23]} {[%emt 00:00:05]} 101. Rd4 {[%clk 00:00:12]}
{[%emt 00:00:12]} Nf6+ {[%clk 00:01:22]} {[%emt 00:00:11]} 102. Ke7 {[%clk
00:00:14]} {[%emt 00:00:06]} Nd5+ {[%clk 00:01:32]} {[%emt 00:00:03]} 103. Kd6
{[%clk 00:00:21]} {[%emt 00:00:03]} Nf4 {[%clk 00:01:21]} {[%emt 00:00:21]} 104.
Ke7 {[%clk 00:00:15]} {[%emt 00:00:15]} Nd5+ {[%clk 00:01:29]} {[%emt
00:00:02]} 105. Kd6 {[%clk 00:00:24]} {[%emt 00:00:01]} Nf4 {[%clk 00:01:38]}
106. Ra4 {[%clk 00:00:33]} {[%emt 00:00:02]} Nd5 {[%clk 00:01:40]} {[%emt
00:00:09]} 107. Ra7 {[%clk 00:00:32]} {[%emt 00:00:09]} Kf6 {[%clk 00:01:49]}
{[%emt 00:00:03]} 108. Kd7 {[%clk 00:00:33]} {[%emt 00:00:07]} Kg7 {[%clk
00:01:57]} {[%emt 00:00:03]} 109. f3 {[%clk 00:00:20]} {[%emt 00:00:23]} Nf6+
{[%clk 00:01:45]} {[%emt 00:00:22]} 110. Kd6 {[%clk 00:00:13]} {[%emt
00:00:16]} Nd5 {[%clk 00:01:52]} {[%emt 00:00:04]} 111. Ra5 {[%clk 00:00:20]}
{[%emt 00:00:04]} Nf6 {[%clk 00:01:41]} {[%emt 00:00:21]} 112. Ke5 {[%clk
00:00:14]} {[%emt 00:00:14]} Nd7+ {[%clk 00:01:42]} {[%emt 00:00:10]} 113. Kd6
{[%clk 00:00:14]} {[%emt 00:00:10]} Nf6 {[%clk 00:01:51]} {[%emt 00:00:02]} 114.
Ra4 {[%clk 00:00:16]} {[%emt 00:00:07]} Nd5 {[%clk 00:01:52]} {[%emt 00:00:10]}
115. Rd4 {[%clk 00:00:20]} {[%emt 00:00:04]} Nf6 {[%clk 00:01:47]} {[%emt
00:00:16]} 116. Ke7 {[%clk 00:00:14]} {[%emt 00:00:17]} Nd5+ {[%clk 00:01:53]}
{[%emt 00:00:04]} 117. Kd7 {[%clk 00:00:17]} {[%emt 00:00:05]} Nf6+ {[%clk
00:02:02]} {[%emt 00:00:02]} 118. Kd8 {[%clk 00:00:24]} {[%emt 00:00:02]} Nd5
{[%clk 00:02:11]} {[%emt 00:00:02]} 119. Kc8 {[%clk 00:00:19]} {[%emt
00:00:15]} Nf6 {[%clk 00:02:16]} {[%emt 00:00:05]} 120. Kc7 {[%clk 00:00:23]}
{[%emt 00:00:05]} Nd5+ {[%clk 00:02:25]} {[%emt 00:00:02]} 121. Kd6 {[%clk
00:00:31]} {[%emt 00:00:01]} Nf6 {[%clk 00:02:35]} 122. f4 {[%clk 00:00:21]}
{[%emt 00:00:21]} gxf4 {[%clk 00:00:16]} {[%emt 00:02:28]} 123. Rxf4 {[%clk
00:00:23]} {[%emt 00:00:08]} Nd5 {[%clk 00:00:25]} {[%emt 00:00:02]} 124. Rf3
{[%clk 00:00:16]} {[%emt 00:00:15]} Kg8 {[%clk 00:00:18]} {[%emt 00:00:19]} 125.
Kd7 {[%clk 00:00:13]} {[%emt 00:00:13]} Kg7 {[%clk 00:00:24]} {[%emt 00:00:03]}
126. Kd8 {[%clk 00:00:19]} {[%emt 00:00:04]} Kf8 {[%clk 00:00:14]} {[%emt
00:00:19]} 127. Rg3 {[%clk 00:00:14]} {[%emt 00:00:15]} Nf6 {[%clk 00:00:20]}
{[%emt 00:00:05]} 128. Kc7 {[%clk 00:00:12]} {[%emt 00:00:12]} Ne4 {[%clk
00:00:26]} {[%emt 00:00:04]} 129. Rf3 {[%emt 00:00:12]} Ng5 {[%emt 00:00:07]}
0-1